00843nam a2200253 a 450000100060000000300080000600500170001400800410003102000210007202000220009302000220011503500190013704000270015604100080018308200240019110000170021524500750023226000510030730000190035850400530037750500930043065000490052370000170057253406BD-RjUL20211209075945.0161006s1995 ii b 001 0 eng  a8171007333 (set) a8171007317 (v. 1) a8171007325 (v. 2) a(BD-RjUL)53526 aDLCcDLCbengdBD-RjUL aeng 223bBHM 1995a658.1 aBhatia, B S 10aManagement of public enterprises /cedited by B.S. Bhatia, G.S. Batra. aNew Delhi :bDeep & Deep Publications,cc1995. a2 v. ;c22 cm. aIncludes bibliographical references and indexes.0 av. 1. Performance and policy perspectives -- v. 2. Privatisation and structural reforms. 0aGovernment business enterprisesxManagement.1 aBatra, G. S.